Stručný výkladový slovník managementu. /
Uložené v:
| Hlavní autori: | , , |
|---|---|
| Médium: | Kniha |
| Jazyk: | Czech |
| Vydané: |
Praha :
Nakladatelství HZ, spol. s r.o.,
1995
|
| Vydanie: | 1. vyd. |
| Témy: | |
| ISBN: |
8090191851 (brož.) |
| Fyzický popis: |
165 s. |
| Tagy: |
Pridať tag
Žiadne tagy, Buďte prvý kto otaguje tento záznam!
|
Titul je dostupný aj v ... 

MARC
| LEADER | 00000nam a2200000 a 4500 | ||
|---|---|---|---|
| 001 | 000059310 | ||
| 003 | SVKK | ||
| 005 | 19970930000000.0 | ||
| 008 | 970514s1995 cs e czeo | ||
| 020 | |a 8090191851 (brož.) | ||
| 040 | |a SVKKK |b slo |c SVKKK |e AACR2 | ||
| 041 | 0 | |a cze | |
| 044 | |a cs |c CS | ||
| 080 | |a 65.012.4(03) |2 1997 | ||
| 080 | |a 03:65.012.4 |2 1997 | ||
| 100 | 1 | |a Boyer, André |4 aut | |
| 245 | 1 | 0 | |a Stručný výkladový slovník managementu. / |c André Boyer, Stanislava Hronová, Hana Machková |
| 250 | |a 1. vyd. | ||
| 260 | |a Praha : |b Nakladatelství HZ, spol. s r.o., |c 1995 | ||
| 300 | |a 165 s. | ||
| 653 | 0 | |a manažment |2 SVKKKPH | |
| 653 | 0 | |a slovníky výkladové |2 SVKKKPH | |
| 655 | 7 | |a slovníky |2 SVKKKPH | |
| 700 | 1 | |a Hronová, Stanislava, |d 1954- |4 aut | |
| 700 | 1 | |a Machková, Hana |4 aut | |
| 910 | |a svkkk | ||
| 919 | |a 80-901918-5-1 | ||
| 974 | |a MI |d 19970606 | ||
| 974 | |a KL |d 19970815 | ||
| 974 | |a EG |d 19970930 | ||
| 998 | |a BK | ||
| 090 | |g SCKHL |k Sklad Pribinova 2. posch. |a III.176727 |j 907357 |i 2720145209 |s Absenčne | ||
| 090 | |g SCKHL |k Sklad Pribinova 2. posch. |a III.176728 |j 907358 |i 2720443384 |s Absenčne | ||
| 090 | |g SCKHL |k Sklad Pribinova 2. posch. |a III.176729 |j 907359 |i 2720009568 |s Absenčne | ||